000 01007nam a2200277 i 4500
001 12475
003 ES-MaACL
005 20230906150323.0
007 t|
008 921016s1989 sp ||||0| spa d
016 7 _zCHM920007584
020 _a84-235-0867-5
040 _aCHM
_bspa
_cCHM
080 _a809.169:351.851(460.16)"19"(094.5)
080 _a351.851(460.16)"19"(094.5):809.169
245 0 3 _aEl euskara, en la enseñanza de Navarra.
260 _aPamplona :
_bDepartamento de Presidencia e Interior, Gobierno,
_cD.L. 1989.
300 _a173 p ;
_c22 cm.
490 1 _aTextos legales ;
_v6
650 1 4 _aLengua vasca-
_xEnseñanza-
_zNavarra (Comunidad Autónoma)-
_vLegislación.
_914336
710 1 _aNavarra (Comunidad Autónoma).
_bDepartamento de Educación y Cultura.
_95980
710 1 _aNavarra (Comunidad Autónoma).
_bDepartamento de Presidencia e Interior.
_95982
830 0 _aTextos legales ;
_v6
_9178122
852 _aES-MaACL
_jL-19798
_bR.119339
999 _c12475
_d12475